Variations on a theme by Kepler

Αποθηκεύτηκε σε:
Λεπτομέρειες βιβλιογραφικής εγγραφής
Κύριος συγγραφέας: Guillemin, Victor William 1937-
Άλλοι συγγραφείς: Sternberg, Shlomo
Μορφή: Βιβλίο
Γλώσσα:English
Δημοσίευση: Providence, R.I. : American Mathematical Society, c1990
Σειρά:Colloquium publications (American Mathematical Society) ; 42
Θέματα:
Ετικέτες: Προσθήκη ετικέτας
Δεν υπάρχουν, Καταχωρήστε ετικέτα πρώτοι!

MARC

LEADER 00000cam a2200000 i 4500
001 1/44837
008 941103s1990 eng d
020 |a 0821810421 
035 |l 10042383 
035 |a 1993 
040 |a GR-MY-UA  |b gre  |e aacr 
041 0 |a eng 
082 0 |a 523.4  |2 (20) 
100 1 |a Guillemin, Victor William  |d 1937- 
245 1 0 |a Variations on a theme by Kepler /  |c Victor Guillemin and Shlomo Sternberg 
260 |a Providence, R.I. :   |b American Mathematical Society,   |c c1990 
300 |a ii, 88 p.;  |b ill.;  |c 27 cm. 
490 1 |a Colloquium publications (American Mathematical Society)  |v ; 42 
504 |a Includes bibliographical references (p. 83-86) and index 
600 1 0 |a Kepler Johannes  |d 1571-1630. 
650 0 0 |a Planetary theory. 
650 0 0 |a Conformal geometry. 
650 0 0 |a Symmetry (Physics) 
650 0 0 |a Lie groups. 
700 1 |a Sternberg, Shlomo. 
830 0 |a Colloquium publications (American Mathematical Society)  |v ; 42 
852 |a INST  |b SAMOS  |e 19941103  |h 523.4 GUI  |p 005300007307  |q 005300007307  |t BK  |y 0 
909 |a Σ  |b 030465